| 000 | 00767nms a22002297a 4500 | ||
|---|---|---|---|
| 003 | NALT | ||
| 005 | 20250818151625.0 | ||
| 006 | m|||p o||d| 00| 0 | ||
| 007 | c| aa aaaaaaaa | ||
| 008 | 220114b th |||p| |||| 00| 0 tha d | ||
| 040 | _aNALT | ||
| 041 | _atha | ||
| 245 | 0 | 0 | _aเอเชียพิจาร |
| 260 | _aศูนย์ศึกษาเอเชีย คณะรัฐศาสตร์ มหาวิทยาลัยรามคำแหง | ||
| 310 | _aรายหกเดือน | ||
| 500 | _aวารสารอิเล็กทรอนิกส์ | ||
| 650 | 0 |
_955484 _aวิชาการ |
|
| 850 | _aNALT | ||
| 856 | 4 | 0 | _uhttp://www.asiajournal.ru.ac.th/ |
| 942 | _cEJN | ||
| 996 |
_ajintana.i _bSERSTF _c2025-08-18 |
||
| 999 |
_c98850 _d98850 |
||
| 998 |
_j755 _k นางจินตนา เอี่ยมคง |
||